| 000 | 00441nam a2200157Ia 4500 | ||
|---|---|---|---|
| 008 | 151021s9999 xx 000 0 und d | ||
| 020 | _a9.7804701193e+012 | ||
| 050 | _aGE 70 .R38 2008 | ||
| 245 | _a_Environment (8th ed.) / Peter H. Raven | ||
| 260 | _aNew Jersey : John Wiley, 2008 | ||
| 300 | _axx,599p. | ||
| 500 | _aIncludes index | ||
| 500 | _aIncludes index | ||
| 650 | _a_Environment | ||
| 980 | _a^d20130506 01:46:32^oanne | ||
| 999 |
_c13041 _d13041 |
||